| 000 | 00754nam a2200217Ia 4500 | ||
|---|---|---|---|
| 003 | GCL | ||
| 008 | 140319s9999 xx 000 0 ara d | ||
| 020 | _a845069977 | ||
| 040 |
_aGCL / _cGCL |
||
| 082 | 0 | 4 |
_a111.84 _bأ م |
| 100 | 1 | _aاشرف فتحى عمارة صابر | |
| 245 | 1 | 0 |
_aمشكلة الخير والشر عند القاضى عبد الجبار وابن رشد / _cاشرف فتحى عمارة صابر |
| 250 | _aالاولى | ||
| 260 |
_aالقاهرة : _bمطبعة جامعة المنصورة ، _c2005 |
||
| 300 |
_a178ص ؛ _c24سم |
||
| 650 | 0 | 4 | _aالحركات الفكرية عند المسلمين |
| 650 | 0 | 4 | _aالوحدانية |
| 650 | 0 | 4 | _aالمعتزلة |
| 650 | 0 | 4 | _aالخير والشر |
| 942 |
_2ddc _cBK |
||
| 999 |
_c7648 _d7648 |
||